UBT Library

INTRODUCTION TO GENERAL, ORGANIC, AND BIOCHEMISTRY (Record no. 6322)

000 -LEADER
fixed length control field 00317nam a22001337a 4500
008 - FIXED-LENGTH DATA ELEMENTS--GENERAL INFORMATION
fixed length control field 170227b xxu||||| |||| 00| 0 eng d
020 ## - INTERNATIONAL STANDARD BOOK NUMBER
International Standard Book Number 9780471451969
041 ## - LANGUAGE CODE
Language code of text/sound track or separate title eng
080 ## - UNIVERSAL DECIMAL CLASSIFICATION NUMBER
Edition identifier 8TH
Universal Decimal Classification number 577
100 ## - Rafti
Rafti 5
101 ## - Shkurtesa
Shkurtesa SHMD
245 ## - TITLE STATEMENT
Title INTRODUCTION TO GENERAL, ORGANIC, AND BIOCHEMISTRY
Statement of responsibility, etc HEIN
942 ## - ADDED ENTRY ELEMENTS (KOHA)
Source of classification or shelving scheme
Item type Books
Holdings
Withdrawn status Lost status Source of classification or shelving scheme Damaged status Not for loan Collection code Permanent location Current location Shelving location Date acquired Total Checkouts Full call number Barcode Date last seen Price effective from Koha item type
          Koleksioni i përgjithshem UBT - Lipjan UBT - Lipjan Koleksioni i përgjithshem 02/27/2017   577 HEI 002-036897 02/27/2017 02/27/2017 Books
UBT Library © 2015-2024. All rights reserved University Education for Business and Technology